000 00518nam a2200181Ia 4500
003 GCL
008 140319s9999 xx 000 0 eng d
040 _aGCL /
_cGCL
082 0 4 _aCC
_b932.023
_bB E
100 1 _aBOWMAN, ALAN K
245 1 0 _aEGYPT AFTER THE PHARAOHS: 332 BC - AD 642 FROM ALEXANDER TO THE ARAB CONQUEST /
_cBOWMAN, ALAN K
260 _a[S.N] :
_bBRITISH MUSEUM PRESS ،
_c1986
300 _a270 P
650 0 4 _aANCIENT EGYPT
650 0 4 _aHISTORY
650 0 4 _aEGYPT - HISTORY
942 _2ddc
_cBK
999 _c15853
_d15853